[Event "SVK-chT1W 1920"]
[Site "Slovakia"]
[Date "2020.02.23"]
[Round "9.3"]
[White "Kovacik, Emil"]
[Black "Komora, Andrej"]
[Result "0-1"]
[WhiteElo "2124"]
[BlackElo "2308"]
[PlyCount "56"]
[EventDate "2019.10.12"]
[EventType "team-tourn"]
[EventRounds "11"]
[EventCountry "SVK"]
[SourceTitle "CBM 195 Extra"]
[Source "ChessBase"]
[SourceDate "2020.05.31"]
[SourceVersion "1"]
[SourceVersionDate "2020.05.31"]
[SourceQuality "1"]
[WhiteTeam "Dubnica nad Vahom II"]
[BlackTeam "Bratislava Doprastav"]
[WhiteTeamCountry "SVK"]
[BlackTeamCountry "SVK"]

1. e4 e6 2. d4 d5 3. Nd2 c5 4. c3 cxd4 5. cxd4 dxe4 6. Nxe4 Nf6 7. Nc3 Bd6 8. Nf3 0-0 9. Bd3 h6 10. 0-0 Nc6 11. a3 b6 12. Qe2 Bb7 13. Ne4 Na5 14. Nxd6 Qxd6 15. Be3 Ng4 16. Rfd1 Bxf3 17. Qxf3 Qxh2+ 18. Kf1 f5 19. b4 Nb3 20. Rab1 f4 21. Qe4 Nxe3+ 22. Ke2 Nxd1 23. Kxd1 Qh1+ 24. Ke2 f3+ 25. Ke3 Nc1 26. Qh7+ Kf7 27. Qg6+ Ke7 28. Kd2 fxg2 0-1

[Event "SVK-chT 1213"]
[Site "Slovakia"]
[Date "2013.01.20"]
[Round "6.4"]
[White "Kovacik, Emil"]
[Black "Komora, Andrej"]
[Result "1-0"]
[WhiteElo "2212"]
[BlackElo "2301"]
[PlyCount "61"]
[EventDate "2012.10.27"]
[EventType "team-tourn"]
[EventRounds "11"]
[EventCountry "SVK"]
[SourceTitle "EXT 2014"]
[Source "ChessBase"]
[SourceDate "2013.11.20"]
[SourceVersion "1"]
[SourceVersionDate "2013.11.20"]
[SourceQuality "1"]
[WhiteTeam "Dubnica nad Vahom"]
[BlackTeam "Liptov Magic"]
[WhiteTeamCountry "SVK"]
[BlackTeamCountry "SVK"]

1. e4 e6 2. d4 d5 3. Nd2 c5 4. exd5 Qxd5 5. dxc5 Bxc5 6. Ngf3 Nc6 7. Bc4 Qd8 8. Qe2 Nf6 9. 0-0 Bd7 10. Rd1 Qc7 11. Ne4 Be7 12. Bg5 Nxe4 13. Qxe4 Bxg5 14. Nxg5 h6 15. Nf3 0-0-0 16. Rd2 f5 17. Qe2 e5 18. Rad1 Rhe8 19. c3 g5 20. h3 Re7 21. Bd5 Rde8 22. Qc4 Be6 23. Qa4 Bxd5 24. Rxd5 Rg8 25. Qc4 Rg6 26. b4 b6 27. b5 e4 28. Ne1 e3 29. fxe3 Re4 30. Qd3 Ne5 31. Rd8+ 1-0

[Event "SVK-chT1W 1011"]
[Site "Slovakia"]
[Date "2010.11.07"]
[Round "2.1"]
[White "Komora, Andrej"]
[Black "Vass, Frantisek"]
[Result "1/2-1/2"]
[WhiteElo "2312"]
[BlackElo "2317"]
[PlyCount "21"]
[EventDate "2010.11.06"]
[EventType "team-tourn"]
[EventRounds "11"]
[EventCountry "SVK"]
[SourceTitle "EXT 2012"]
[Source "ChessBase"]
[SourceDate "2011.11.24"]
[SourceVersion "1"]
[SourceVersionDate "2011.11.24"]
[SourceQuality "1"]
[WhiteTeam "Bratislava Slovan III"]
[BlackTeam "Galanta"]
[WhiteTeamCountry "SVK"]
[BlackTeamCountry "SVK"]

1. e4 e6 2. d4 d5 3. exd5 exd5 4. Bd3 Nf6 5. Nf3 Be7 6. 0-0 0-0 7. c3 Bg4 8. Re1 Nbd7 9. h3 Bh5 10. Bf4 Re8 11. Nbd2 1/2-1/2

[Event "SVK-chT1W 0910"]
[Site "Slovakia"]
[Date "2010.03.06"]
[Round "10.2"]
[White "Komora, Andrej"]
[Black "Janko, Michal"]
[Result "1/2-1/2"]
[WhiteElo "2328"]
[BlackElo "2248"]
[PlyCount "134"]
[EventDate "2009.10.17"]
[EventType "team"]
[EventRounds "11"]
[EventCountry "SVK"]
[SourceTitle "EXT 2011"]
[Source "ChessBase"]
[SourceDate "2010.11.26"]
[SourceVersion "1"]
[SourceVersionDate "2010.11.26"]
[SourceQuality "1"]
[WhiteTeam "Bratislava Slovan III"]
[BlackTeam "Nove Zamky Basta"]
[WhiteTeamCountry "SVK"]
[BlackTeamCountry "SVK"]

1. e4 g6 2. d4 Bg7 3. Nf3 d6 4. c4 Bg4 5. Be2 Nc6 6. d5 Bxf3 7. Bxf3 Nd4 8. Nc3 c5 9. Bg4 Nf6 10. Qa4+ Kf8 11. Bh3 a6 12. Qd1 b5 13. cxb5 axb5 14. f3 Nd7 15. Ne2 Nb6 16. 0-0 Nxe2+ 17. Qxe2 Bd4+ 18. Kh1 Kg7 19. Qxb5 Na4 20. Bd7 Ra5 21. Qb7 Qb8 22. Qxb8 Rxb8 23. Bd2 Ra7 24. Bxa4 Rxa4 25. Bc3 Bxc3 26. bxc3 Rb2 27. Kg1 Raxa2 28. Rxa2 Rxa2 29. Rf2 Ra1+ 30. Rf1 Ra2 31. Rf2 Ra1+ 32. Rf1 Ra3 33. Rc1 Ra2 34. h4 h6 35. Kh2 g5 36. hxg5 hxg5 37. Kh3 Kf6 38. g3 Re2 39. Kg4 Re3 40. Rc2 Kg6 41. Rc1 Kf6 42. Rc2 Ke5 43. Rc1 f6 44. Rc2 e6 45. dxe6 Kxe6 46. Rc1 Ke5 47. Rc2 d5 48. exd5 Kxd5 49. Rf2 Ke5 50. c4 Rc3 51. Re2+ Kd6 52. Ra2 f5+ 53. Kxf5 Rxf3+ 54. Ke4 Rxg3 55. Ra6+ Kd7 56. Kd5 g4 57. Ra7+ Kd8 58. Kxc5 Rg1 59. Kd6 Kc8 60. c5 g3 61. Kc6 Kb8 62. Ra2 g2 63. Rb2+ Kc8 64. Kb6 Kb8 65. c6 Kc8 66. c7 Rc1 67. Rxg2 Rb1+ 1/2-1/2

[Event "SVK-chT1W 0910"]
[Site "Slovakia"]
[Date "2010.01.16"]
[Round "6.3"]
[White "Komora, Andrej"]
[Black "Petenyi, Tamas"]
[Result "1-0"]
[WhiteElo "2328"]
[BlackElo "2261"]
[PlyCount "77"]
[EventDate "2009.10.17"]
[EventType "team"]
[EventRounds "11"]
[EventCountry "SVK"]
[SourceTitle "EXT 2011"]
[Source "ChessBase"]
[SourceDate "2010.11.26"]
[SourceVersion "1"]
[SourceVersionDate "2010.11.26"]
[SourceQuality "1"]
[WhiteTeam "Bratislava Slovan III"]
[BlackTeam "Bratislava Doprastav"]
[WhiteTeamCountry "SVK"]
[BlackTeamCountry "SVK"]

1. e4 e5 2. Nf3 Nc6 3. Bc4 Nf6 4. d3 Be7 5. 0-0 0-0 6. Re1 d6 7. c3 h6 8. Bb3 Nh7 9. Nbd2 Kh8 10. d4 Bg4 11. h3 Bh5 12. d5 Nb8 13. g4 Bg6 14. Kg2 Ng5 15. Nh2 Nh7 16. Nhf1 Nd7 17. Ng3 Bg5 18. Ndf1 Nc5 19. Bc2 Bxc1 20. Rxc1 Qh4 21. b4 Nd7 22. Ne3 Ndf6 23. f3 Ng8 24. c4 Ne7 25. c5 Ng5 26. Rh1 Bh7 27. cxd6 cxd6 28. Ba4 Rac8 29. Bd7 Rxc1 30. Qxc1 f6 31. Qc7 Nf7 32. Be6 Ng6 33. Ngf5 Nf4+ 34. Kf1 Bxf5 35. Nxf5 Qg5 36. Bxf7 Nd3 37. Be6 Nf4 38. h4 Nxe6 39. dxe6 1-0

[Event "SVK-chT1E 0910"]
[Site "Slovakia"]
[Date "2009.11.15"]
[Round "4.1"]
[White "Klemanic, Emil"]
[Black "Komora, Andrej"]
[Result "1-0"]
[WhiteElo "2258"]
[BlackElo "2328"]
[PlyCount "68"]
[EventDate "2009.10.17"]
[EventType "team"]
[EventRounds "11"]
[EventCountry "SVK"]
[SourceTitle "EXT 2011"]
[Source "ChessBase"]
[SourceDate "2010.11.26"]
[SourceVersion "1"]
[SourceVersionDate "2010.11.26"]
[SourceQuality "1"]
[WhiteTeam "Kosice Slavia II"]
[BlackTeam "Liptov"]
[WhiteTeamCountry "SVK"]
[BlackTeamCountry "SVK"]

1. d4 Nf6 2. c4 g6 3. Nc3 Bg7 4. Bg5 d6 5. Nf3 Nbd7 6. e4 h6 7. Bf4 0-0 8. Be2 Nh5 9. Be3 e5 10. Qd2 Kh7 11. g4 exd4 12. Bxd4 Bxd4 13. Nxd4 Ng7 14. 0-0-0 Nc5 15. f4 a6 16. h4 b5 17. b4 Na4 18. Nxa4 bxa4 19. f5 c5 20. bxc5 dxc5 21. Nc2 Bb7 22. Qf4 Qb6 23. Rd6 Bc6 24. Bd3 Rab8 25. Rd1 Rfd8 26. e5 Qb2+ 27. Kd2 Rxd6 28. exd6 Rd8 29. fxg6+ fxg6 30. h5 Be8 31. hxg6+ Bxg6 32. Bxg6+ Kxg6 33. Qe4+ Kg5 34. Qe2 Qf6 1-0

[Event "EU-Cup 25th"]
[Site "Ohrid"]
[Date "2009.10.05"]
[Round "2.6"]
[White "Popovic, Mladen"]
[Black "Komora, Andrej"]
[Result "1/2-1/2"]
[WhiteElo "2196"]
[BlackElo "2328"]
[PlyCount "75"]
[EventDate "2009.10.04"]
[EventType "team-swiss"]
[EventRounds "7"]
[EventCountry "MKD"]
[SourceTitle "CBM 133"]
[Source "ChessBase"]
[SourceDate "2009.11.19"]
[SourceVersion "1"]
[SourceVersionDate "2009.11.19"]
[SourceQuality "1"]
[WhiteTeam "Podgorica Buducnost"]
[BlackTeam "Bratislava Slovan"]
[WhiteTeamCountry "YUG"]
[BlackTeamCountry "SVK"]

1. e4 e6 2. d4 d5 3. Nc3 Bb4 4. Nge2 dxe4 5. a3 Be7 6. Nxe4 Nf6 7. Qd3 0-0 8. Bf4 Nbd7 9. 0-0-0 Nxe4 10. Qxe4 Nf6 11. Qf3 Nd5 12. Be5 b5 13. Nc3 c6 14. Nxd5 Qxd5 15. Qxd5 exd5 16. Bd3 Bd7 17. Rde1 Rfe8 18. h3 Bg5+ 19. Kb1 f6 20. Bd6 Bd2 21. Rd1 Ba5 22. c3 a6 23. Rde1 g6 24. Kc2 Kf7 25. h4 Rxe1 26. Rxe1 Re8 27. Rxe8 Bxe8 28. Bf4 Bd7 29. b4 Bd8 30. Kd2 a5 31. Bd6 a4 32. Bb8 Bg4 33. f3 Bd7 34. g4 h5 35. gxh5 gxh5 36. Bg3 Be7 37. Ke3 Kg7 38. Kf2 1/2-1/2

[Event "SVK-chT1W 0809"]
[Site "Slovakia"]
[Date "2008.10.18"]
[Round "1.1"]
[White "Komora, Andrej"]
[Black "Gulbis, Adrian"]
[Result "1/2-1/2"]
[WhiteElo "2326"]
[BlackElo "2062"]
[PlyCount "82"]
[EventDate "2008.10.18"]
[EventType "team-tourn"]
[EventRounds "11"]
[EventCountry "SVK"]
[SourceTitle "EXT 2010"]
[Source "ChessBase"]
[SourceDate "2010.11.25"]
[SourceVersion "1"]
[SourceVersionDate "2010.11.25"]
[SourceQuality "1"]
[WhiteTeam "Bratislava Slovan II"]
[BlackTeam "Nove Zamky Basta"]
[WhiteTeamCountry "SVK"]
[BlackTeamCountry "SVK"]

1. e4 c5 2. Nf3 d6 3. g3 Nf6 4. d3 g6 5. Bg2 Bg7 6. 0-0 0-0 7. c3 Nc6 8. h3 h6 9. Be3 e5 10. Nbd2 b6 11. d4 Ba6 12. Re1 Bd3 13. Bf1 Bxf1 14. Kxf1 Qd7 15. Kg2 exd4 16. cxd4 Rfe8 17. Qb1 cxd4 18. Bxd4 Nxd4 19. Nxd4 d5 20. exd5 Qxd5+ 21. N2f3 Ne4 22. Rd1 Rad8 23. Nb3 Qb7 24. Rxd8 Rxd8 25. Qe1 Ng5 26. Qe2 Qxf3+ 27. Qxf3 Nxf3 28. Kxf3 Bxb2 29. Rb1 Bf6 30. Rc1 Rd7 31. Ke4 Kf8 32. Rc6 Ke7 33. f4 h5 34. g4 hxg4 35. hxg4 Bg7 36. f5 gxf5+ 37. gxf5 Rd1 38. Rc7+ Rd7 39. Rc6 Rd6 40. Rc7+ Rd7 41. Rc6 Rd6 1/2-1/2

[Event "SVK-chT1E 0708"]
[Site "Slovakia"]
[Date "2007.12.08"]
[Round "5.3"]
[White "Komora, Andrej"]
[Black "Turna, Stefan"]
[Result "0-1"]
[WhiteElo "2304"]
[BlackElo "2238"]
[PlyCount "66"]
[EventDate "2007.10.13"]
[EventType "team-swiss"]
[EventRounds "11"]
[EventCountry "SVK"]
[SourceTitle "EXT 2019"]
[Source "ChessBase"]
[SourceDate "2018.10.10"]
[SourceVersion "1"]
[SourceVersionDate "2018.10.10"]
[SourceQuality "1"]
[WhiteTeam "Bratislava Slovan II"]
[BlackTeam "Bratislava Slovan III"]
[WhiteTeamCountry "SVK"]
[BlackTeamCountry "SVK"]

1. e4 c5 2. Nf3 d6 3. g3 Nc6 4. Bg2 Nf6 5. d3 e5 6. 0-0 Be7 7. Ne1 0-0 8. f4 d5 9. exd5 Nxd5 10. Nc3 Nxc3 11. bxc3 Bf6 12. f5 e4 13. Bxe4 Bxc3 14. Be3 Bxa1 15. Qxa1 Qd6 16. f6 g6 17. Nf3 Bg4 18. Qc3 b6 19. Bf4 Qd7 20. Ne5 Nxe5 21. Bxe5 h6 22. Qd2 Kh7 23. Bf4 Rae8 24. Bxh6 Rxe4 25. Bxf8 Qd4+ 26. Rf2 Re3 27. c3 Qe5 28. Bg7 g5 29. d4 Qe4 30. h4 Bh3 31. Kh2 Re1 32. g4 Rh1+ 33. Kg3 Qxg4# 0-1

[Event "SVK-chT 0607"]
[Site "Slovakia"]
[Date "2007.02.18"]
[Round "9"]
[White "Mrva, Martin"]
[Black "Komora, Andrej"]
[Result "1/2-1/2"]
[WhiteElo "2485"]
[BlackElo "2297"]
[PlyCount "99"]
[EventDate "2006.10.21"]
[EventType "team-tourn"]
[EventRounds "11"]
[EventCountry "SVK"]
[SourceTitle "EXT 2019"]
[Source "ChessBase"]
[SourceDate "2018.10.10"]
[SourceVersion "1"]
[SourceVersionDate "2018.10.10"]
[SourceQuality "1"]
[WhiteTeam "Kosice sachy.sk"]
[BlackTeam "Nove Zamky Basta"]
[WhiteTeamCountry "SVK"]
[BlackTeamCountry "SVK"]

1. Nf3 Nf6 2. c4 d6 3. d4 g6 4. Nc3 Bg7 5. e4 0-0 6. Be2 e5 7. 0-0 Nc6 8. d5 Ne7 9. b4 a5 10. bxa5 Rxa5 11. a4 b6 12. Bd2 Ra8 13. Qc2 Nh5 14. Ne1 Nf4 15. Bd1 f5 16. f3 g5 17. g3 Nh3+ 18. Kg2 fxe4 19. Nxe4 Nf5 20. Qd3 Qe8 21. Nc2 Qg6 22. a5 bxa5 23. Rxa5 Rxa5 24. Bxa5 g4 25. fxg4 Ng5 26. Re1 Nd4 27. Nxd4 exd4 28. h4 Nxe4 29. Qxe4 Qf7 30. Bc2 Qf2+ 31. Kh3 Rf3 32. Rg1 h5 33. Rg2 Bxg4+ 34. Kh2 Qf1 35. Bxc7 d3 36. Ba4 Rf8 37. Qe3 Bf3 38. Rg1 Qe2+ 39. Qxe2 Bxe2 40. Bxd6 Rf2+ 41. Rg2 Rxg2+ 42. Kxg2 d2 43. Kf2 d1Q 44. Bxd1 Bxd1 45. Ke3 Kf7 46. c5 Bb3 47. Ke4 Bc2+ 48. Ke3 Bb3 49. Ke4 Bc2+ 50. Ke3 1/2-1/2

[Event "SVK-chT1W 0607"]
[Site "Slovakia"]
[Date "2006.12.02"]
[Round "5.5"]
[White "Oprea, Erik"]
[Black "Komora, Andrej"]
[Result "0-1"]
[WhiteElo "2175"]
[BlackElo "2344"]
[PlyCount "94"]
[EventDate "2006.10.07"]
[EventType "team-tourn"]
[EventRounds "11"]
[EventCountry "SVK"]
[SourceTitle "EXT 2008"]
[Source "ChessBase"]
[SourceDate "2007.11.25"]
[SourceVersion "1"]
[SourceVersionDate "2007.11.25"]
[SourceQuality "1"]
[WhiteTeam "Bratislava Slovan II"]
[BlackTeam "Bratislava Slovan"]
[WhiteTeamCountry "SVK"]
[BlackTeamCountry "SVK"]

1. e4 e6 2. d4 d5 3. exd5 exd5 4. Bd3 Nc6 5. c3 Bd6 6. Be3 Nge7 7. Qc2 Bg4 8. Ne2 Qd7 9. Ng3 h5 10. f3 Be6 11. Nd2 h4 12. Ne2 Nf5 13. Bf2 0-0-0 14. b4 Nce7 15. b5 Ng3 16. hxg3 hxg3 17. Nxg3 Bxg3 18. Rxh8 Bxf2+ 19. Kxf2 Rxh8 20. Nb3 Qd6 21. Re1 Qf4 22. Nc5 Qh4+ 23. Ke2 Qg3 24. Kd1 Rh2 25. Bf1 Qd6 26. Qa4 Qb6 27. Qa3 Kd8 28. Qc1 Rh6 29. Bd3 Bc8 30. Qa3 Qd6 31. Qxa7 b6 32. Na6 Re6 33. Rxe6 fxe6 34. Kc2 e5 35. dxe5 Qxe5 36. Qb8 Qd6 37. g4 g6 38. Nb4 d4 39. Na6 dxc3 40. Kxc3 Nd5+ 41. Kb3 Qf6 42. Be4 Qc3+ 43. Ka4 Qc4+ 44. Ka3 Qxb5 45. Bxd5 Qxa6+ 46. Kb2 Qe2+ 47. Kc3 Qe3+ 0-1

[Event "SVK-chT 0607"]
[Site "Slovakia"]
[Date "2006.11.12"]
[Round "4"]
[White "Vojtek, Vladimir"]
[Black "Komora, Andrej"]
[Result "0-1"]
[WhiteElo "2414"]
[BlackElo "2344"]
[PlyCount "84"]
[EventDate "2006.10.21"]
[EventType "team-tourn"]
[EventRounds "11"]
[EventCountry "SVK"]
[SourceTitle "EXT 2019"]
[Source "ChessBase"]
[SourceDate "2018.10.10"]
[SourceVersion "1"]
[SourceVersionDate "2018.10.10"]
[SourceQuality "1"]
[WhiteTeam "Dubnica nad Vahom"]
[BlackTeam "Nove Zamky Basta"]
[WhiteTeamCountry "SVK"]
[BlackTeamCountry "SVK"]

1. e4 e6 2. d4 d5 3. Nc3 Bb4 4. Nge2 dxe4 5. a3 Be7 6. Nxe4 Nf6 7. Nxf6+ Bxf6 8. Be3 c5 9. Qd2 Nc6 10. 0-0-0 cxd4 11. Nxd4 Bxd4 12. Bxd4 Qxd4 13. Qxd4 Nxd4 14. Rxd4 Bd7 15. Bd3 Bc6 16. b4 g6 17. b5 Bxg2 18. Rg1 Bf3 19. Rg3 e5 20. Ra4 Bd5 21. c4 Bh1 22. Re3 0-0-0 23. Rxa7 Kb8 24. Ra4 Rd4 25. Bc2 f6 26. c5 Rhd8 27. Rxd4 Rxd4 28. Rd3 Rc4 29. Kb2 Rxc5 30. Rb3 Bd5 31. Rb4 Kc7 32. b6+ Kd6 33. a4 Rc4 34. Rxc4 Bxc4 35. a5 Kc5 36. Be4 Ba6 37. Kc3 Kb5 38. Bd5 Kxa5 39. h4 Kxb6 40. Bg8 h6 41. Bf7 g5 42. h5 Kc5 0-1

[Event "SVK-chT 0607"]
[Site "Slovakia"]
[Date "2006.11.11"]
[Round "3"]
[White "Komora, Andrej"]
[Black "Simacek, Pavel"]
[Result "0-1"]
[WhiteElo "2344"]
[BlackElo "2479"]
[PlyCount "208"]
[EventDate "2006.10.21"]
[EventType "team-tourn"]
[EventRounds "11"]
[EventCountry "SVK"]
[SourceTitle "EXT 2019"]
[Source "ChessBase"]
[SourceDate "2018.10.10"]
[SourceVersion "1"]
[SourceVersionDate "2018.10.10"]
[SourceQuality "1"]
[WhiteTeam "Nove Zamky Basta"]
[BlackTeam "Hlohovec"]
[WhiteTeamCountry "SVK"]
[BlackTeamCountry "SVK"]

1. e4 c6 2. d4 d5 3. e5 g6 4. h3 f6 5. Nf3 Bg7 6. Bf4 Nd7 7. Bd3 fxe5 8. dxe5 Nc5 9. Be2 Nh6 10. Nc3 Nf7 11. Qd2 Ne6 12. Bg3 d4 13. Ne4 Qd5 14. Bd3 Nxe5 15. Nxe5 Bxe5 16. c4 dxc3 17. Nxc3 Qd4 18. 0-0-0 Bf4 19. Bxf4 Qxf4 20. Rhe1 Qxd2+ 21. Rxd2 Nf4 22. Bf1 Bd7 23. g3 Nh5 24. Ne4 0-0-0 25. Ng5 Rde8 26. Rde2 h6 27. Nf7 Rh7 28. Rxe7 Rxf7 29. Rxe8+ Bxe8 30. Rxe8+ Kd7 31. Rh8 Rxf2 32. Bd3 Nxg3 33. Rxh6 g5 34. Rg6 Rh2 35. Rxg5 Rxh3 36. Rg7+ Kc8 37. Kc2 Kb8 38. Re7 Rh4 39. Re3 Rg4 40. Kc3 Kc7 41. Re7+ Kb6 42. a3 Nh5 43. Bf5 Rg8 44. Be6 Rd8 45. Rf7 Ng3 46. Bf5 Ne2+ 47. Kc2 Nd4+ 48. Kc3 Nb5+ 49. Kc2 Re8 50. Rd7 Re2+ 51. Kb3 a5 52. a4 Nc7 53. Rd3 Rf2 54. Bg4 Na6 55. Rf3 Nc5+ 56. Ka3 Rd2 57. Bf5 Rd1 58. b3 Rd2 59. Rc3 Rf2 60. Bg6 Na6 61. Rc2 Rxc2 62. Bxc2 Kc5 63. Bg6 Nb4 64. Bf5 Kd4 65. Kb2 b6 66. Bg6 c5 67. Bf7 Kd3 68. Bg6+ Kd2 69. Bf7 Nd3+ 70. Ka3 Kc3 71. Bg8 Nb4 72. Bf7 Nc2+ 73. Ka2 Nd4 74. Ka3 Nf3 75. Be6 Nd2 76. Bf7 Kc2 77. Bg6+ Kc3 78. Bf7 c4 79. bxc4 Nxc4+ 80. Ka2 Kb4 81. Be8 Nd2 82. Bc6 Nb3 83. Kb2 Nc5 84. Be8 Nxa4+ 85. Ka2 b5 86. Bd7 Nb6 87. Be8 Nc4 88. Bd7 a4 89. Be8 Nd6 90. Bd7 Ne4 91. Be8 Nc3+ 92. Kb2 Kc4 93. Bf7+ Kd4 94. Ka3 Kc5 95. Kb2 b4 96. Be8 Nb5 97. Bf7 Nd6 98. Be6 Nc4+ 99. Ka2 b3+ 100. Kb1 a3 101. Ka1 Kb4 102. Bf7 Ne3 103. Kb1 Nc2 104. Bxb3 Kxb3 0-1

[Event "SVK-chT1W 0607"]
[Site "Slovakia"]
[Date "2006.11.05"]
[Round "4.2"]
[White "Komora, Andrej"]
[Black "Moravcik, Rastislav"]
[Result "1-0"]
[WhiteElo "2344"]
[BlackElo "2095"]
[PlyCount "113"]
[EventDate "2006.10.07"]
[EventType "team-tourn"]
[EventRounds "11"]
[EventCountry "SVK"]
[SourceTitle "EXT 2008"]
[Source "ChessBase"]
[SourceDate "2007.11.25"]
[SourceVersion "1"]
[SourceVersionDate "2007.11.25"]
[SourceQuality "1"]
[WhiteTeam "Bratislava Slovan"]
[BlackTeam "Hlohovec SK Zentiva II"]
[WhiteTeamCountry "SVK"]
[BlackTeamCountry "SVK"]

1. e4 e6 2. d4 d5 3. exd5 exd5 4. Qf3 c6 5. Bd3 Bd6 6. Ne2 Qf6 7. Bf4 Bxf4 8. Nxf4 Ne7 9. Nd2 0-0 10. 0-0-0 Ng6 11. Nxg6 hxg6 12. Qxf6 gxf6 13. Rhe1 Be6 14. Bxg6 fxg6 15. Rxe6 Nd7 16. Rde1 Rf7 17. Nf3 Kg7 18. Kd2 Rh8 19. h3 Nf8 20. Re7 Rh5 21. Re8 Rh7 22. Kd3 Rh5 23. R1e7 Rh7 24. Re2 Kg8 25. Ra8 a6 26. Rae8 Rc7 27. Nh2 Rhf7 28. Nf3 Kg7 29. Nd2 Nd7 30. Nb3 Rf8 31. Rxf8 Kxf8 32. Nc5 Nxc5+ 33. dxc5 Kf7 34. Kc3 Rd7 35. Kb4 Kf8 36. Ka5 Kf7 37. Kb6 Kf8 38. Re3 Kf7 39. Ka7 Kf8 40. Kb8 d4 41. Re2 Rd5 42. Kxb7 Rxc5 43. Kxa6 Kf7 44. a4 Rc4 45. Ka5 g5 46. b3 Rc3 47. Kb6 d3 48. cxd3 Rxb3+ 49. Kxc6 Rxd3 50. Ra2 Ke6 51. a5 Rc3+ 52. Kb5 Kd6 53. a6 Rb3+ 54. Kc4 Rb8 55. a7 Ra8 56. Kd4 f5 57. Ra6+ 1-0

[Event "SVK-chT1W 0607"]
[Site "Slovakia"]
[Date "2006.11.04"]
[Round "3.2"]
[White "Komora, Andrej"]
[Black "Borosova, Zuzana"]
[Result "1-0"]
[WhiteElo "2344"]
[BlackElo "2267"]
[PlyCount "83"]
[EventDate "2006.10.07"]
[EventType "team-tourn"]
[EventRounds "11"]
[EventCountry "SVK"]
[SourceTitle "EXT 2008"]
[Source "ChessBase"]
[SourceDate "2007.11.25"]
[SourceVersion "1"]
[SourceVersionDate "2007.11.25"]
[SourceQuality "1"]
[WhiteTeam "Bratislava Slovan"]
[BlackTeam "Komarno Hoffer II"]
[WhiteTeamCountry "SVK"]
[BlackTeamCountry "SVK"]

1. e4 e5 2. Nc3 Nc6 3. Bc4 Nf6 4. d3 Bc5 5. Bg5 h6 6. Bh4 a6 7. Nd5 g5 8. Bg3 d6 9. h4 g4 10. h5 Nxd5 11. Bxd5 Qg5 12. c3 Ne7 13. Bc4 f5 14. Qb3 Rf8 15. Ne2 b5 16. Be6 Bxe6 17. Qxe6 Qf6 18. Qxf6 Rxf6 19. Bh4 Rf7 20. Rf1 f4 21. f3 g3 22. d4 exd4 23. cxd4 Bb4+ 24. Kd1 Nc8 25. Kc2 Ba5 26. a3 c6 27. Kd3 Kd7 28. Rac1 Bc7 29. Rc2 Na7 30. Rfc1 Bb6 31. e5 dxe5 32. dxe5 Be3 33. Rd1 Ke6 34. Ke4 Rd7 35. Rxd7 Kxd7 36. Nxf4 Bxf4 37. Kxf4 Ke6 38. Rd2 Rf8+ 39. Bf6 Nc8 40. Kxg3 Kf5 41. Kf2 Ke6 42. g4 1-0

[Event "SVK-chT1W 0607"]
[Site "Slovakia"]
[Date "2006.10.07"]
[Round "1.3"]
[White "Lukac, Roman"]
[Black "Komora, Andrej"]
[Result "0-1"]
[WhiteElo "2163"]
[BlackElo "2344"]
[PlyCount "72"]
[EventDate "2006.10.07"]
[EventType "team-tourn"]
[EventRounds "11"]
[EventCountry "SVK"]
[SourceTitle "EXT 2008"]
[Source "ChessBase"]
[SourceDate "2007.11.25"]
[SourceVersion "1"]
[SourceVersionDate "2007.11.25"]
[SourceQuality "1"]
[WhiteTeam "Trnava Lokomotiva"]
[BlackTeam "Bratislava Slovan"]
[WhiteTeamCountry "SVK"]
[BlackTeamCountry "SVK"]

1. e4 e6 2. d4 d5 3. Nc3 Bb4 4. e5 Ne7 5. a3 Bxc3+ 6. bxc3 c5 7. Qg4 Qc7 8. Qxg7 Rg8 9. Qxh7 cxd4 10. Ne2 Nbc6 11. f4 dxc3 12. Qd3 Bd7 13. Qxc3 Nf5 14. Rb1 0-0-0 15. Rg1 d4 16. Qd3 Na5 17. g4 Ba4 18. gxf5 Bxc2 19. Qb5 Rxg1 20. Nxg1 Bxb1 21. Qxb1 Qc3+ 22. Bd2 Qxa3 23. Qb4 Qa1+ 24. Kf2 Nc6 25. Qb3 exf5 26. Qxf7 d3 27. Nf3 Qa3 28. Qxf5+ Kb8 29. e6 a5 30. Qb5 Qa2 31. Bg2 a4 32. Kg3 a3 33. f5 Rg8+ 34. Kf2 Qc2 35. e7 a2 36. Qa4 Qxa4 0-1

[Event "SVK-chT 0405"]
[Site "Slovakia"]
[Date "2005.04.10"]
[Round "11"]
[White "Komora, Andrej"]
[Black "Sturc, Gustav"]
[Result "1/2-1/2"]
[WhiteElo "2319"]
[BlackElo "2167"]
[PlyCount "82"]
[EventDate "2004.11.13"]
[EventType "team-tourn"]
[EventRounds "11"]
[EventCountry "SVK"]
[SourceTitle "EXT 2019"]
[Source "ChessBase"]
[SourceDate "2018.10.10"]
[SourceVersion "1"]
[SourceVersionDate "2018.10.10"]
[SourceQuality "1"]
[WhiteTeam "Liptov"]
[BlackTeam "Bratislava Slovan II"]
[WhiteTeamCountry "SVK"]
[BlackTeamCountry "SVK"]

1. e4 e5 2. Nc3 Bc5 3. Bc4 Nf6 4. Nf3 d6 5. d3 Bg4 6. Na4 Bb6 7. Nxb6 axb6 8. c3 h6 9. b4 c6 10. h3 Bd7 11. Bb3 Na6 12. Be3 b5 13. 0-0 0-0 14. Nd2 Be6 15. f4 Bxb3 16. Nxb3 Kh7 17. Qc2 Nd7 18. d4 f6 19. dxe5 dxe5 20. f5 Qe7 21. Rfd1 c5 22. a3 Rac8 23. Qb2 cxb4 24. cxb4 Rc7 25. Rac1 Rfc8 26. Rxc7 Rxc7 27. Rd5 Nxb4 28. axb4 Qxb4 29. Bd2 Qxe4 30. Rxb5 Rc2 31. Qb1 Qd3 32. Qf1 Rxd2 33. Nxd2 Qxd2 34. Rxb7 Nc5 35. Rb1 Ne4 36. Qe1 Qd4+ 37. Kh2 Ng5 38. Rb4 Qd3 39. Qb1 Qd2 40. Kh1 Qf2 41. Rb2 Qf4 1/2-1/2

[Event "SVK-chT 0405"]
[Site "Slovakia"]
[Date "2005.04.09"]
[Round "10"]
[White "Havlicek, Libor"]
[Black "Komora, Andrej"]
[Result "0-1"]
[WhiteElo "2319"]
[BlackElo "2319"]
[PlyCount "108"]
[EventDate "2004.11.13"]
[EventType "team-tourn"]
[EventRounds "11"]
[EventCountry "SVK"]
[SourceTitle "EXT 2019"]
[Source "ChessBase"]
[SourceDate "2018.10.10"]
[SourceVersion "1"]
[SourceVersionDate "2018.10.10"]
[SourceQuality "1"]
[WhiteTeam "Bratislava Slovan"]
[BlackTeam "Liptov"]
[WhiteTeamCountry "SVK"]
[BlackTeamCountry "SVK"]

1. c4 e5 2. Nc3 Nf6 3. g3 d6 4. Bg2 g6 5. d4 Nbd7 6. e4 Bg7 7. Nge2 0-0 8. 0-0 c6 9. h3 Re8 10. Be3 Qe7 11. Qc2 exd4 12. Bxd4 Ne5 13. b3 c5 14. Be3 Bd7 15. Rad1 Bc6 16. Nf4 a6 17. Rfe1 Qc7 18. Nd3 Nxd3 19. Qxd3 Re6 20. Nd5 Bxd5 21. cxd5 Ree8 22. f4 Nd7 23. e5 dxe5 24. d6 Qc8 25. f5 Rf8 26. fxg6 hxg6 27. Bg5 Rb8 28. Be7 f5 29. Bd5+ Kh7 30. Be6 e4 31. Qd5 Qe8 32. Bxf8 Nxf8 33. Bg8+ Kh8 34. g4 Nd7 35. Be6 Ne5 36. d7 Qd8 37. Kh1 Nxg4 38. Re2 Ne5 39. Qxc5 Nd3 40. Qc8 Kh7 41. Qxd8 Rxd8 42. Rc2 Bf6 43. Rdd2 Bg5 44. Rc8 Rxd7 45. Rg2 Re7 46. Bg8+ Kh6 47. Bc4 Bf6 48. Bxd3 exd3 49. Rd2 Rd7 50. Kh2 Bg5 51. Rd1 d2 52. Rc2 Kh5 53. Rc4 Re7 54. Kg2 Re1 0-1